01141nam a2200193Ia 4500001001000000003001000010008004100020040002500061041001200086100002300098245005400121250001100175260006200186300001200248500026600260501011400526520026600640650004100906L149-1060IT-CnALBA170116s9999||||xx |||||||||||||| ||und|| aIT-CnALBAcIT-CnALBA aLATINO  aVARVELLO FRANCESCO 0aINSTITUTIONES PHILOSOPHIAE. PARS II. METAPHYSICA  a9a ed. a TO BO CT PAbSOCIETÀ ED. INTER. c1943 [1° Ed.: n.d.] a374 p.  aMETAFISICA ONTOLOGIA. ENTE TRASCENDENTALE. ENTE CATEGORICO. COSMOLOGIA. CORPI NON VIVENTI. NATURA PROPRIETÀ OPERAZIONI. VITA VEGETATIVA: NATURA FUNZIONI FACOLTÀ.ANTROPOLOGIA. FUNZIONI E FACOLTÀ DELL'UOMO. VITA INTELLETTIV A. TEODICEA. ESISTENZA DI DIO. AT aSocietà San Paolo EM - Piazza San Paolo, 14 - 12051 ALBA (CN) (non commercial uses only) ® Copyright 2017 aMETAFISICA ONTOLOGIA. ENTE TRASCENDENTALE. ENTE CATEGORICO. COSMOLOGIA. CORPI NON VIVENTI. NATURA PROPRIETÀ OPERAZIONI. VITA VEGETATIVA: NATURA FUNZIONI FACOLTÀ.ANTROPOLOGIA. FUNZIONI E FACOLTÀ DELL'UOMO. VITA INTELLETTIV A. TEODICEA. ESISTENZA DI DIO. AT aALTRI SISTEMI E DOTTRINE FILOSOFICHE